000
00278pam a2200121a 44500
008
230405s1900 xxu||||| |||| 00| 0 eng d
041
_a
ENG
100
_a
Kumudini Dandekar
245
_a
The Elderly in India
260
_a
_b
zerox copy
_c
1900
300
_a
149
906
_a
10053
999
_c
300552
_d
300552